000 00352 a2200109 4500
001 ART_22584
005 20260410161854.0
008 260409a
245 1 0 _aIngreso igualitario al poder judicial
100 1 _aCaramelo, Gustavo
773 0 _tDerecho público
_gDemocratización de la justicia - Año II, Nº 5 (jun. 2013)
_wREV10451
999 _c25245
_d25245